[Event "Wch-U20"]
[Site "Gujarat IND"]
[Date "2024.06.11"]
[Round "9.10"]
[White "Rodrigue-Lemieux, Shawn"]
[Black "De Silva, L M S T."]
[Result "1-0"]
[WhiteElo "2510"]
[BlackElo "2364"]
[PlyCount "75"]
[EventDate "2024.06.02"]
[EventType "swiss"]
[EventRounds "11"]
[EventCountry "IND"]

1. Nf3 Nf6 2. c4 e6 3. g3 d5 4. Bg2 dxc4 5. Qa4+ Bd7 6. Qxc4 c5 7. Ne5 Qc8 8.
Nxd7 Qxd7 9. Nc3 Nc6 10. O-O Rc8 11. d3 Be7 12. a4 b6 13. Bd2 O-O 14. Rfd1 Rfd8
15. Be1 Nd4 16. Rac1 Nd5 17. Kf1 Bg5 18. Rb1 Be7 19. e3 Nc6 20. Nxd5 exd5 21.
Qb5 d4 22. e4 Qb7 23. e5 Qc7 24. f4 f6 25. exf6 Bxf6 26. Bd2 Ne7 27. Qc4+ Kf8
28. Re1 Qd7 29. Re6 Nf5 30. Bh3 Qd5 31. Bxf5 Qxf5 32. Rbe1 Qh3+ 33. Kg1 h5 34.
Rxf6+ gxf6 35. f5 Rc7 36. Bh6+ Rg7 37. Bxg7+ Kxg7 38. Re7+ 1-0

[Event "Wch-U20"]
[Site "Gujarat IND"]
[Date "2024.06.12"]
[Round "10.7"]
[White "Prraneeth, Vuppala"]
[Black "Rodrigue-Lemieux, Shawn"]
[Result "0-1"]
[WhiteElo "2436"]
[BlackElo "2510"]
[PlyCount "64"]
[EventDate "2024.06.02"]
[EventType "swiss"]
[EventRounds "11"]
[EventCountry "IND"]

1. e4 c6 2. d4 d5 3. f3 e6 4. Nc3 Bb4 5. Bd2 Ne7 6. Nce2 Bxd2+ 7. Qxd2 b6 8.
O-O-O Ba6 9. h4 Nd7 10. Nh3 Qc7 11. Qg5 Rg8 12. Qe3 Bc4 13. Nc3 Bxf1 14. Rhxf1
Nf6 15. e5 Nd7 16. g4 a6 17. f4 c5 18. Ne2 Nc6 19. f5 cxd4 20. Nxd4 Nxd4 21.
Qxd4 Rc8 22. Qf2 Nxe5 23. fxe6 fxe6 24. c3 Kd7 25. Rfe1 Rce8 26. Ng5 h6 27. Nh3
Rgf8 28. Qe2 Nc4 29. b3 Nd6 30. Kb2 b5 31. Rf1 Ne4 32. Rd3 Ng3 0-1

[Event "Wch-U20"]
[Site "Gujarat IND"]
[Date "2024.06.13"]
[Round "11.5"]
[White "Rodrigue-Lemieux, Shawn"]
[Black "Samant, Aditya S"]
[Result "1/2-1/2"]
[WhiteElo "2510"]
[BlackElo "2469"]
[PlyCount "137"]
[EventDate "2024.06.02"]
[EventType "swiss"]
[EventRounds "11"]
[EventCountry "IND"]

1. Nf3 d5 2. c4 d4 3. e3 Nc6 4. exd4 Nxd4 5. Nxd4 Qxd4 6. d3 e5 7. Nc3 Ne7 8.
Be2 c6 9. O-O Nf5 10. Kh1 Be7 11. g4 Nh4 12. Be3 Qd7 13. f4 h5 14. fxe5 hxg4
15. Ne4 g3 16. Nxg3 Ng2 17. Bg1 Ne3 18. Qd2 Nxf1 19. Rxf1 Qh3 20. Ne4 Qh6 21.
Qe3 Bh3 22. Rd1 Qg6 23. Bf3 Be6 24. Nd6+ Bxd6 25. exd6 Rh3 26. Qf4 Kd7 27. Rf1
Qf6 28. Qxf6 gxf6 29. Be4 Kxd6 30. Rxf6 Ke5 31. Rf1 f5 32. Bf3 Rd8 33. d4+ Kf6
34. b3 Rh4 35. Rd1 b5 36. d5 cxd5 37. cxd5 Bc8 38. d6 Ke6 39. Bc5 Kd7 40. Rg1
Rh7 41. Rg6 Re8 42. b4 Re6 43. Rg5 Rxd6 44. Bxd6 Kxd6 45. Kg2 Be6 46. a3 Ke5
47. Bc6 a6 48. Rg3 Rc7 49. Re3+ Kf6 50. Bf3 f4 51. Rd3 Rc2+ 52. Kg1 Ke5 53. h4
Bc4 54. Rd8 Rc3 55. Re8+ Kf6 56. Rf8+ Kg7 57. Rxf4 Rxa3 58. Bb7 a5 59. bxa5
Rxa5 60. Kf2 Bf7 61. Rb4 Bc4 62. Bc6 Kf6 63. h5 Kg5 64. Ke3 Kxh5 65. Kd4 Kg6
66. Kc5 Kf6 67. Bxb5 Rxb5+ 68. Kxc4 Rxb4+ 69. Kxb4 1/2-1/2

[Event "Gatineau op"]
[Site "Gatineau CAN"]
[Date "2024.05.24"]
[Round "1.1"]
[White "Rodrigue-Lemieux, Shawn"]
[Black "Masse, Hugues"]
[Result "1-0"]
[WhiteElo "2590"]
[BlackElo "2138"]
[PlyCount "57"]
[EventDate "2024.05.24"]
[EventType "swiss"]
[EventRounds "5"]
[EventCountry "CAN"]

1. e4 c5 2. Nf3 d6 3. Bb5+ Bd7 4. Bxd7+ Nxd7 5. O-O Ngf6 6. Qe2 e6 7. d4 cxd4
8. Nxd4 Nc5 9. f3 d5 10. e5 Nfd7 11. Kh1 Be7 12. Nc3 Nb8 13. f4 Nc6 14. Be3 g6
15. Rad1 a6 16. Rf3 Qc7 17. a3 Nxd4 18. Bxd4 Nd7 19. f5 Bc5 20. fxe6 fxe6 21.
Nxd5 exd5 22. e6 Rf8 23. exd7+ Kxd7 24. Bxc5 Qxc5 25. Qe5 Qe7 26. Qxd5+ Kc7 27.
Re3 Rf1+ 28. Rxf1 Qxe3 29. Rf7+ 1-0

[Event "Gatineau op"]
[Site "Gatineau CAN"]
[Date "2024.05.25"]
[Round "2.1"]
[White "Adam, Rafael"]
[Black "Rodrigue-Lemieux, Shawn"]
[Result "0-1"]
[WhiteElo "2285"]
[BlackElo "2590"]
[PlyCount "72"]
[EventDate "2024.05.24"]
[EventType "swiss"]
[EventRounds "5"]
[EventCountry "CAN"]

1. e4 c6 2. d4 d5 3. f3 e6 4. Nc3 Bb4 5. Bd2 Ne7 6. a3 Ba5 7. Bd3 Bc7 8. f4 Nd7
9. Nf3 c5 10. e5 Nc6 11. Nb5 Bb8 12. dxc5 Nxc5 13. Bb4 Qb6 14. c3 Ne4 15. Nfd4
a5 16. Bxe4 axb4 17. Bd3 Nxd4 18. cxd4 Bd7 19. a4 O-O 20. O-O Bxb5 21. Bxb5 Ba7
22. Qb3 Qxd4+ 23. Kh1 g6 24. Rad1 Qc5 25. f5 gxf5 26. g4 Kh8 27. gxf5 Rg8 28.
fxe6 fxe6 29. Qh3 Raf8 30. Bd3 Rf7 31. Rfe1 Qf2 32. Rf1 Qd4 33. Rfe1 Rfg7 34.
Bg6 Rxg6 35. Rxd4 Bxd4 36. Qf1 Rg1+ 0-1

[Event "Gatineau op"]
[Site "Gatineau CAN"]
[Date "2024.05.25"]
[Round "3.1"]
[White "Rodrigue-Lemieux, Shawn"]
[Black "Chiku-Ratte, Olivier-Kenta"]
[Result "1-0"]
[WhiteElo "2590"]
[BlackElo "2404"]
[PlyCount "91"]
[EventDate "2024.05.24"]
[EventType "swiss"]
[EventRounds "5"]
[EventCountry "CAN"]

1. e4 c5 2. Nf3 e6 3. d4 cxd4 4. Nxd4 Nc6 5. Nc3 Qc7 6. g3 a6 7. Bg2 Nf6 8. O-O
h5 9. h3 Nxd4 10. Qxd4 e5 11. Qd3 d6 12. Bg5 Be6 13. Bxf6 gxf6 14. Nd5 Bxd5 15.
exd5 h4 16. Kh2 Qd7 17. g4 Bh6 18. Be4 Bf4+ 19. Kg2 Kf8 20. a4 Kg7 21. a5 Rhb8
22. b4 b6 23. axb6 Rxb6 24. Rfb1 Qb7 25. c3 Qc7 26. Ra3 a5 27. Rba1 Rba6 28.
Qb5 Rb6 29. Qe2 Rba6 30. Qa2 R6a7 31. bxa5 Qc5 32. a6 Rb8 33. Rb1 Rxb1 34. Bxb1
Bc1 35. Ra4 Qxc3 36. Rc4 Qd2 37. Qxd2 Bxd2 38. Rc6 Bb4 39. Bf5 Bc5 40. Bc8 e4
41. Bb7 f5 42. gxf5 Kf6 43. Rxc5 dxc5 44. d6 c4 45. Kf1 e3 46. fxe3 1-0

[Event "Gatineau op"]
[Site "Gatineau CAN"]
[Date "2024.05.26"]
[Round "4.1"]
[White "Han, Johnathan"]
[Black "Rodrigue-Lemieux, Shawn"]
[Result "1-0"]
[WhiteElo "2407"]
[BlackElo "2590"]
[PlyCount "133"]
[EventDate "2024.05.24"]
[EventType "swiss"]
[EventRounds "5"]
[EventCountry "CAN"]

1. e4 c6 2. d4 d5 3. Nd2 dxe4 4. Nxe4 Nf6 5. Nxf6+ exf6 6. c3 Bd6 7. Bd3 O-O 8.
Ne2 Re8 9. O-O Nd7 10. Ng3 Nf8 11. f4 c5 12. d5 g6 13. c4 f5 14. b3 Be7 15. a4
Bf6 16. Ra2 Bd7 17. Re2 Rxe2 18. Nxe2 a6 19. Be3 Qe7 20. Bf2 Qd6 21. a5 b5 22.
axb6 Qxb6 23. Bc2 a5 24. Nc1 Bc8 25. Nd3 Nd7 26. Re1 Bb7 27. Ne5 Rd8 28. Qf3
Nb8 29. Qe3 Rc8 30. Qg3 Bg7 31. Nd3 Nd7 32. Re7 Qd6 33. Qe3 Bd4 34. Re8+ Kg7
35. Qe7 Bxf2+ 36. Kxf2 Qb8 37. Rxc8 Bxc8 38. Ke2 Qb6 39. Kd1 Qf6 40. Qe8 Nb6
41. Qe5 Nd7 42. Qe3 Qd6 43. Qe8 Qf8 44. Qe3 Ba6 45. Ne5 Nf6 46. Qc3 Qd8 47. Nc6
Qc7 48. g3 a4 49. bxa4 h6 50. a5 Bc8 51. Kc1 Bd7 52. Ne5 Bc8 53. Qa1 Ba6 54.
Qa4 Qd8 55. Qa3 Qc7 56. Qa1 Qd8 57. Nc6 Qe8 58. Ne5 Qd8 59. h3 Qc7 60. Qc3 Qd8
61. g4 Bc8 62. Nc6 Qc7 63. Qe5 Qxe5 64. fxe5 Ne8 65. gxf5 gxf5 66. Ne7 Ba6 67.
d6 1-0

[Event "Gatineau op"]
[Site "Gatineau CAN"]
[Date "2024.05.26"]
[Round "5.3"]
[White "Rodrigue-Lemieux, Shawn"]
[Black "Sowa, Ryan"]
[Result "1/2-1/2"]
[WhiteElo "2590"]
[BlackElo "2285"]
[PlyCount "27"]
[EventDate "2024.05.24"]
[EventType "swiss"]
[EventRounds "5"]
[EventCountry "CAN"]

1. e4 e6 2. d4 d5 3. Nd2 c5 4. exd5 Qxd5 5. Ngf3 cxd4 6. g3 Nc6 7. Bg2 Qb5 8.
Bf1 Qd5 9. Bg2 Qb5 10. a4 Qa6 11. Bf1 Qb6 12. Bg2 Qa6 13. Bf1 Qb6 14. Bg2
1/2-1/2